000 01747nam a22002777a 4500
999 _c22001
_d22001
003 AR-CdUCM
008 190425b ||||| |||| 00| 0 spa d
040 _aMUNICIPALIDAD PROVINCIAL DEL CUSCO
_cBIBLIOTECA MUNICIPAL DEL CUSCO
082 _aHist.Ecle/N°2/1992
110 _aInstituto Peruano de Historia Eclesiástica
_947113
245 _aRevista peruana de Historia Eclesiástica /
_cInstituto Peruano de Historia Eclesiástica
260 _aLima.
_bServicio copias Gráficas,
_c1992.
300 _a299 páginas. :
_c22 cm.
440 _aRevista peruana de Historia Eclesiástica.
_nN°2,1992.
_947118
505 _aContenido: Los dominios en al evangelización del Perú Siglo XVI. Guillermo Álvarez. -- Los franciscanos en la evangelización del Perú Siglo XVI. Federico Richter. -- Los mercedarios en la evangelización del Perú Siglos XVI-XVIII. Severo Aparicio. -- La orden de San Agustín en la evangelización del Perú,1551-1600. Benigno Ayarra. -- Las misiones de los jesuitas del Perú. Armando Nieto. -- El clero diocesano en el siglo XVI. José Dammert. -- Nuevos datos sobre Fray Antonio de la Calancha y la impresión de la Crónica Moralizadora. Guillermo Luhmann. -- El libro y la imprenta al servicio de la evangelización. Julián Heras. -- Encomenderos y doctrineros notas sobre encomienda y evangelización en el siglo XVI. José de la Puente.
650 _aHistoria eclesiástica
_942856
650 _aEducación colonial
_925888
650 _aHistoria del Cusco
_91714
650 _aReligión católica
_947116
650 _aEvangelización
_947119
700 _aLohman Villena, Guillermo
_947117
700 _aRichter, Federico
_947120
700 _aDammert, José
_947121
942 _2ddc
_cPP
945 _arac